000 01204nam a2200337 c 4500
003 BLK
005 20180422101450.0
008 180408b bul|||||r ||||||| ||bul||
010 _aKNG00054104000
020 _a954-616-140-3
_bиздат.: ГорексПрес
040 _aBLK
041 _aBUL
_cBUL
080 _aМакроикономика. Микроикономика
_b330.101.54
_x(075.8)
_z330.101.54(075.8)
100 1 _aПопов, Тодор
_eпърви автор
_9368444
700 1 _aЛисев, Стоимен
_eотг. ред.
_9275220
700 1 _aРусинова, Роска
_eотг. ред.
_9275221
139 _aМакроикономика
_bМ 19
245 1 0 _aМакроикономика
_cТодор Попов; отг. ред. Стоимен Лисев; отг. ред. Роска Русинова.
250 _a2. изд.
257 _aBGR
260 София
_bГорексПрес
_c2004
300 _a376 с.
_c24 см
380 _a3
650 4 _aМакроикономика
_9161007
653 _aмакроикономика
852 _aЦб 223921
856 4 _qpdf
_u
856 4 _qpdf
_u
942 _cKNG
_n0
944 _aCR
_c31.05.2005
_kКети_Илиева
944 _aED
_c14.11.2012
_k
999 _c50233
_d50233